Разработка компьютерных технологий обучения и их внедрение: сборник научных трудов

التفاصيل البيبلوغرافية
مؤلف مشترك: Академия наук Украинской ССР Институт кибернетики (АН УССР ИК)
اللغة:الروسية
الإنجليزية
منشور في: Киев, Изд-во ИК, 1991
الموضوعات:
التنسيق: كتاب
KOHA link:https://koha.lib.tpu.ru/cgi-bin/koha/opac-detail.pl?biblionumber=155988

MARC

LEADER 00000nam0a2200000 4500
001 155988
005 20231031152849.0
010 |a 5770201827 
020 |a RU  |b 91-57977 
035 |a (RuTPU)RU\TPU\book\169177 
090 |a 155988 
100 |a 20090320d1991 km a0rusy5003 ca 
101 0 |a rus  |a eng 
102 |a UA 
105 |a a z 001zy 
200 1 |a Разработка компьютерных технологий обучения и их внедрение  |e сборник научных трудов  |f Академия наук Украинской ССР, Институт кибернетики (АН УССР ИК) 
210 |a Киев  |c Изд-во ИК  |d 1991 
215 |a 84 с.  |c ил. 
320 |a Библиография в конце статей 
610 1 |a преподавание 
610 1 |a разработка 
610 1 |a компьютерные технологии 
610 1 |a обучение 
610 1 |a сборники 
610 1 |a методика 
675 |a 681.39  |v 3 
712 0 2 |a Академия наук Украинской ССР  |b Институт кибернетики (АН УССР ИК)  |2 stltpush  |3 (RuTPU)RU\TPU\col\11437 
801 0 |a RU  |b RuMRKP  |c 19960705  |g psbo 
801 1 |a RU  |b 63413507  |c 20090320  |g PSBO 
801 2 |a RU  |b 63413507  |c 20150706  |g PSBO 
942 |c BK